Supervisión en la construcción de pavimentos de adoquinados tramo El Tuma-La Leona (4.5 km.)
Supervisa y evalúa la calidad del proceso constructivo del pavimento de adoquín ejecutado por los módulos comunitarios de adoquinado del tramo El Tuma, La Leona. Identifica y da soluciones inmediatas a situaciones que pongan en riesgo la marcha y calidad del proyecto.
| Main Author: | |
|---|---|
| Other Authors: | |
| Format: | Tesis Section = Libro |
| Language: | Undetermined Spanish |
| Published: |
Managua
UNI
2006
|
| Subjects: |
| LEADER | 01062nam a2200253Ia 4500 | ||
|---|---|---|---|
| 008 | 240830s9999 xx 000 0 und d | ||
| 040 | |a BIBLIOTECA-RUPAP Mon 658.85 P438 | ||
| 041 | |a spa | ||
| 082 | |a Mon 658.85 P438 | ||
| 100 | 1 | |a Pérez González, William Alexander | |
| 245 | 1 | 0 | |a Supervisión en la construcción de pavimentos de adoquinados tramo El Tuma-La Leona (4.5 km.) |
| 260 | |a Managua |b UNI |c 2006 | ||
| 300 | |a 50 p. :il. | ||
| 500 | |a Contiene: anexos. | ||
| 502 | |a Tesis (Ingeniero Civil)- UNI, 2006. | ||
| 520 | 3 | |a Supervisa y evalúa la calidad del proceso constructivo del pavimento de adoquín ejecutado por los módulos comunitarios de adoquinado del tramo El Tuma, La Leona. Identifica y da soluciones inmediatas a situaciones que pongan en riesgo la marcha y calidad del proyecto. | |
| 650 | 7 | |a PAVIMENTOS | |
| 650 | 7 | |b PAVIMENTOS DE HORMIGON | |
| 650 | 7 | |c CARRETERAS-MANTENIMIENTO Y REPARACION | |
| 650 | 7 | |d PRACTICAS PROFESIONALES | |
| 700 | 1 | |a Tutor: |b Morales Urbina, Israel | |
| 942 | |c BK |2 ddc | ||
| 991 | |a TESIS | ||
| 999 | |c 17696 | ||